| 000 | 01229nam a22003377a 4500 | ||
|---|---|---|---|
| 003 | CHAP | ||
| 005 | 20220329140210.0 | ||
| 008 | 971013s1980 us r 00010 eng d | ||
| 010 | _a48439 | ||
| 011 | _a49411 | ||
| 035 | _a53559 | ||
| 040 | _cCHAP | ||
| 082 | 0 | 4 |
_a631.0915 _bR5 1980 |
| 100 | 0 | 0 |
_aRiehl, Sallie _ecomp. _997392 |
| 245 | 1 | _aBibliography of dryland agriculture | |
| 250 | _a3 ed. | ||
| 260 |
_aCorvallis, Ore. : _bOregon State University, _c1980 |
||
| 300 | _a2 v. | ||
| 505 | 0 | _aContenido : v.1 Bibliogrphy.--v.2 Author index, subject index | |
| 590 |
_aBATCH-UPD _b10 _c20130110 _lUCH01 _h1651 |
||
| 590 |
_aBATCH-UPD _b10 _c20130410 _lUCH01 _h1040 |
||
| 590 |
_aBATCH-UPD _b10 _c20130914 _lUCH01 _h0322 |
||
| 590 |
_aCONVERSION _b10 _c20130109 _lUCH01 _h1326 |
||
| 650 | 1 | 4 |
_aAgricultura _xRegiones áridas. _91781 |
| 901 | _aBK | ||
| 942 | _cLIBRO | ||
| 949 |
_a631.0915 R5 1980 _bBC _cLIBRO _d33724000568309 _eLIBRO _fv.2 _h54869 _i53559 _si |
||
| 949 |
_a631.0915 R5 1980 _bBC _cLIBRO _d33724000568770 _eLIBRO _fv.2 c.2 _h54870 _i53559 _si |
||
| 949 |
_a631.0915 R5 1980 _bBC _cLIBRO _d33724000568788 _eLIBRO _fv.1 c.2 _h54868 _i53559 _si |
||
| 949 |
_a631.0915 R5 1980 _bBC _cLIBRO _d33724000568796 _eLIBRO _fv.1 _h54867 _i53559 _si |
||
| 999 |
_c48439 _d48439 |
||